Mensaje presidencial 1990
Gardado en:
| Autor Principal: | |
|---|---|
| Formato: | Libro |
| Idioma: | Lingua castelá |
| Publicado: |
Santiago
Ministerio Secretaría General de Gobierno
1990
|
| Subjects: | |
| Tags: |
Engadir etiqueta
Sen Etiquetas, Sexa o primeiro en etiquetar este rexistro!
|
MARC
| LEADER | 00000nam a2200000 a 4500 | ||
|---|---|---|---|
| 001 | UCL3871 | ||
| 003 | CL-VaPUC | ||
| 008 | 031219e19900000CL |||||||||||||||||spa|d | ||
| 082 | 0 | 4 | |a 351.003 |b MEN |2 21 |
| 100 | |a Aylwin Azócar, Patricio, |d 1918-2016 |e author |9 368860 | ||
| 245 | 1 | 0 | |a Mensaje presidencial 1990 |
| 300 | |a 294 p | ||
| 942 | |c BK | ||
| 945 | |d 20031219 00:00:00 |a rbrito | ||
| 260 | |a Santiago |b Ministerio Secretaría General de Gobierno |c 1990 | ||
| 500 | |a Mensaje presidencial 21 de mayo 1990. Discurso del presidente de la República don Patricio Aylwin Azócar en el inicio de la legislatura ordinaria del Congreso Nacional | ||
| 650 | 7 | |a MENSAJES |2 CL-VaPUC |9 335531 | |
| 650 | 7 | |a MENSAJE PRESIDENCIAL 1990 |2 CL-VaPUC |9 481315 | |
| 650 | 0 | |a Política y gobierno |9 255151 | |
| 650 | 0 | |a Administración pública |9 255343 | |
| 651 | 7 | |a CHILE |2 CL-VaPUC |9 481316 | |
| 583 | |a last modification |c 20031219 00:00:00 |k Rodrigo Vera | ||
| 999 | |c 306867 |d 306865 | ||
| 952 | |0 0 |1 0 |4 0 |6 351_003000000000000_MEN_1990 |7 0 |8 F |9 372277 |a BIBDER |b BIBDER |d 2019-11-21 |i 3963993 |o 351.003 MEN 1990 |p 3963993 |r 2023-01-25 |w 2019-11-21 |y BK_F |k DER | ||